Administering SAP R MM-materials management module
Αποθηκεύτηκε σε:
| Συγγραφή απο Οργανισμό/Αρχή: | |
|---|---|
| Άλλοι συγγραφείς: | |
| Μορφή: | Βιβλίο |
| Γλώσσα: | English |
| Δημοσίευση: |
Indianapolis :
Que Corporation,
1998
|
| Θέματα: | |
| Ετικέτες: |
Προσθήκη ετικέτας
Δεν υπάρχουν, Καταχωρήστε ετικέτα πρώτοι!
|
MARC
| LEADER | 00000cam a2200000 i 4500 | ||
|---|---|---|---|
| 001 | 1/95884 | ||
| 008 | 991213s1998 eng d | ||
| 020 | |a 0-7897-1502-3 | ||
| 035 | |l 10055496 | ||
| 040 | |a GR-MY-UA |b gre |e aacr | ||
| 041 | 0 | |a eng | |
| 082 | 0 | |a 658.702855369 | |
| 245 | 1 | 0 | |a Administering SAP R/3 : |b MM-materials management module / |c ASAP World Consultancy ; Jonathan [sic] Blain ... [et al.] |
| 260 | |a Indianapolis : |b Que Corporation, |c 1998 | ||
| 300 | |a xxiii, 411 p.; |c 24 cm. | ||
| 504 | |a Includes index | ||
| 650 | 0 | 0 | |a Materials management |x Computer programs. |
| 700 | 0 | |a Blain, Jonathon. | |
| 710 | 2 | |a ASAP World Consultancy. | |
| 852 | |a INST |b SAMOS |e 19991213 |h 658.702855369 ADM |p 005300016367 |q 005300016367 |t BK |y 0 | ||
| 901 | |a BIBL3-2000-2 | ||
| 909 | |a Σ |b 070908 | ||
| 922 | |a 3ΕΛΗ |b 199911 |c ΤΠΕΣ |d ΠΑΠΑΣΩΤΗΡΙΟΥ | ||
| 950 | |a 133-1999-07-20 | ||
| 970 | |z 2000/05/ELIDOC | ||